| 000 | 00879nam a2200277 i 4500 | ||
|---|---|---|---|
| 003 | EG-GICUC | ||
| 005 | 20260210195001.0 | ||
| 008 | 260210s1986 mx ||||fr ||| 00| 0 fre d | ||
| 040 |
_aEG-GICUC _cEG-GICUC _dEG-GICUC _erda _bfre |
||
| 082 | 0 | 4 |
_221 _a341.78 _bCO . C |
| 092 | 0 | 4 | _221 |
| 099 | _aLaw1 11 341.78 CO . C 1932 | ||
| 100 | 1 |
_aCosentini,Francesco _eAuteur |
|
| 245 |
_aCode International Du Travail / _cFrancesco Cosentini . |
||
| 264 | 0 |
_aMexico : _bRivadeneyra , _c1932 . |
|
| 300 |
_a176 Pages; _c30 cm. |
||
| 336 |
_atext _2rda content |
||
| 337 |
_aComputer _2rda media |
||
| 338 |
_aOnline Resource _2rda carrier |
||
| 546 | _aTexte en français | ||
| 650 | 0 | 4 | _aDroit international public |
| 650 | 0 | 4 | _aLégislation - Coopération Internationale |
| 856 | _uhttps://fll.law.cu.edu.eg/fulltext/th/B11-07571.pdf | ||
| 905 | _a59 | ||
| 942 |
_2ddc _cBK _e21 _n0 |
||
| 999 |
_c62492 _d62492 |
||